000 00681aas a2200181 4500
999 _c50030
_d50030
001 768714001
003 CO-MdFUSB
005 20170902111520.0
008 170902s1998 ag ||||| |||| 00| 0 spa d
022 _a0326-6737
040 _aCO-MdFUSB
_bspa
_cCO-MdFUSB
_dCO-MdFUSB
041 _aspa
100 1 _aHansen, Guillermo
_eautor
245 1 0 _aMás allá de la euforia o el derrotismo :
_balgunas consideraciones éticas y teológicas frente a los nuevos cambios en América Latina
_c/ Hansen, Guillermo
300 _aVolumen 17 (1999), páginas 173-192
_c: 23 cm.
773 0 _tCuadernos de Teología
_049404
_959704
_gVolumen 17 (1999), páginas 173-192
_qPágina 173
942 _cANA